000 00738nam a2200217 a 4500
001 000013179
005 20240530073916.0
008 091120s1995 dr 001 f spa d
040 _aDO-SdBNP
_bspa
_cBNPHU
082 _aRD863.44
_bU15c
100 1 _aUbiñas Renville, Guaroa
_918871
245 1 3 _aEl cruce de las siete veredas :
_bnovela /
_cGuaroa Ubiñas Renville ; prólogo Jesús Díaz.
260 _aSanto Domingo :
_bPaz,
_c1995.
300 _a124 p. ;
_c21 cm.
500 _aIncluye datos biográficos del autor en la solapa
590 _aInventariado, 2020/YL
650 0 _aNovela dominicana
_9223
650 0 _aLiteratura dominicana.
_967
700 1 2 _aDíaz, Jesús
_eed.
_930260
910 _aValidado. Control de calidad MFF
999 _c12818
_d12818